000 00430nam a22001337a 4500
082 _a625.70212
_bNAT
_cD
100 _aN.A.S -N.R.C
_940295
245 _aDevelopment of ghideling for practical and realistic construction specifications
_cN.A.S -N.R.C
260 _aCarolina
_bNational research council
_c1965
300 _a109 p.
_bill.
_c27 cm.
526 _a0
_b0
_c0
_d625_702120000000000_NAT
650 _aD
_96527
942 _2ddc
_cBK
999 _c547509
_d547509